Statistics for All 196 Countries of the World : No Vowels

Click here to take the quiz!

General Stats

  • This quiz has been taken 3,750 times
  • The average score is 127 of 196

Answers on the Map

Answers color-coded by a green-red scale on the quiz's map according to % correct below.
 

Answer Stats

Country% Correct
Ntd Stts
98%
Cnd
95%
Ntd Kngdm
94%
Mxc
92%
Pr
91%
Rss
91%
Brzl
90%
Nd
90%
Nr
90%
Frnc
89%
Mn
88%
Chn
87%
Ls
87%
Spn
87%
Chl
86%
Ml
86%
Swdn
86%
Clnd
85%
Dnmrk
85%
Fnlnd
85%
Nrwy
85%
Prtgl
85%
Rgntn
85%
Rlnd
85%
Str
85%
Cb
83%
Grmny
83%
Pl
83%
Tly
83%
Clmb
82%
Blv
81%
Sd Rb
81%
Strl
81%
Vnzl
81%
Prgy
80%
Rgy
80%
Cdr
79%
Jpn
79%
Trky
79%
Gypt
78%
Krn
78%
Plnd
78%
Pnm
78%
Rn
78%
Mngl
77%
Gyn
76%
Ht
76%
Rq
76%
Srnm
76%
Blgm
75%
Cntrl Frcn Rpblc
75%
Lgr
75%
Mrcc
75%
Rmn
75%
Ymn
75%
Blrs
74%
Gtml
74%
Hndrs
74%
Lby
74%
Nthrlnds
74%
Sm
74%
Srl
74%
Stn
74%
Dmncn Rpblc
73%
Grc
73%
Ltv
73%
Blz
72%
Cst Rc
72%
Lthn
72%
Ncrg
72%
Ghn
71%
Mldv
71%
Sdn
71%
Sth Kr
71%
Swtzrlnd
71%
Nrth Kr
70%
Tns
70%
Bhms
69%
Lbn
69%
Srr Ln
69%
Chd
68%
Jmc
68%
L Slvdr
68%
Ndns
68%
Gn
67%
Mdgscr
67%
Npl
67%
Pkstn
67%
Syr
67%
Bhrn
66%
Czch Rpblc
66%
Nw Zlnd
66%
Qtr
66%
Vtnm
66%
Blgr
65%
Dmnc
65%
Ngr
65%
Sth Frc
65%
Sth Sdn
65%
Thlnd
65%
Dmcrtc Rpblc F Th Cng
64%
Hngry
64%
Jrdn
64%
Kzkhstn
64%
Slvk
64%
Sml
64%
Thp
64%
Slvn
63%
Srb
63%
Crt
62%
Fghnstn
62%
Mynmr
62%
Tg
62%
Bhtn
61%
Bsn Nd Hrzgvn
61%
Cmbd
60%
Mrtn
60%
Phlppns
60%
Rpblc F Th Cng
60%
Bngldsh
59%
Grg
59%
Kny
59%
Mlys
59%
Ngl
58%
Pp Nw Gn
58%
Sr Lnk
58%
Brn
57%
Ksv
57%
Rtr
57%
Zbkstn
57%
Zrbjn
57%
Nmb
56%
Nrth Mcdn
56%
Twn
56%
Zmb
56%
Mntngr
55%
Trkmnstn
55%
Kwt
54%
Lsth
54%
Lxmbrg
54%
Mzmbq
54%
Ntg Nd Brbd
54%
Sngl
54%
Tnzn
54%
Bnn
53%
Cmrn
53%
Cyprs
53%
Mlt
53%
Btswn
52%
Tjkstn
52%
Zmbbw
52%
Djbt
50%
Gbn
50%
Gnd
49%
Lbr
49%
Mlw
49%
Ntd Rb Mrts
49%
Brkn Fs
48%
Lbnn
48%
Mldvs
48%
Ndrr
48%
Swtn
48%
Kyrgyzstn
47%
Vry Cst
47%
Cp Vrd
46%
Fj
46%
Gmb
46%
Gn-Bss
46%
Rwnd
46%
Snt Ktts Nd Nvs
46%
Trndd Nd Tbg
46%
Vtcn Cty
46%
Cmrs
45%
Lchtnstn
45%
Mrts
45%
Sn Mrn
45%
Snt Vncnt Nd Th Grndns
45%
Brbds
44%
Krbt
44%
Mnc
44%
Snt Lc
44%
Grnd
43%
Sychlls
43%
Tng
43%
Brnd
42%
Sã Tmé Nd Príncp
40%
Fdrtd Stts F Mcrns
38%
Slmn Slnds
38%
Tvl
38%
Vnt
38%
Mrshll Slnds
37%
Qtrl Gn
36%
Sngpr
34%
St Tmr
34%

Score Distribution

Percentile by Number Answered

Percent of People with Each Score

Your Score History

You have not taken this quiz